Jak a co číst dětem v MŠ : komentovaný výběr literárních textů na základě RVP PV

Saved in:
Bibliographic Details
Main Author Gebhartová, Vladimíra, 1931-2018 (Author)
Format Book
LanguageCzech
Published Praha : Portál, 2011
EditionVyd. 1.
Subjects
ISBN9788073678548
Physical Description158 s. ; 23 cm

Cover

LEADER 00000cam a2200000 a 4500
001 60585
003 CZ-ZlUTB
005 20240829144249.0
007 ta
008 110419s2011 xr e f 000 0 cze
015 |a cnb002156602 
020 |a 9788073678548  |q (brož.) 
040 |a ABA001  |b cze  |d ZLD002 
072 7 |a 373.2/.3  |x Předškolní a primární výchova a vzdělávání  |2 Konspekt  |9 22 
080 |a 82:37.016  |2 MRF 
080 |a 373.2  |2 MRF 
080 |a 159.955  |2 MRF 
080 |a 81'24  |2 MRF 
080 |a 82-93  |2 MRF 
080 |a (072)  |2 MRF 
100 1 |a Gebhartová, Vladimíra,  |d 1931-2018  |7 jk01032057  |4 aut 
245 1 0 |a Jak a co číst dětem v MŠ :  |b komentovaný výběr literárních textů na základě RVP PV /  |c Vladimíra Gebhartová 
250 |a Vyd. 1. 
260 |a Praha :  |b Portál,  |c 2011 
300 |a 158 s. ;  |c 23 cm 
504 |a Obsahuje bibliografické odkazy 
650 0 7 |a literární výchova  |7 ph117228  |2 czenas 
650 0 7 |a předškolní výchova  |7 ph124887  |2 czenas 
650 0 7 |a rozvoj myšlení  |7 ph135316  |2 czenas 
650 0 7 |a jazykové dovednosti  |7 ph213327  |2 czenas 
650 0 7 |a literatura pro děti a mládež  |7 ph138316  |2 czenas 
650 0 9 |a literary education  |2 eczenas 
650 0 9 |a preschool education  |2 eczenas 
650 0 9 |a development of thought  |2 eczenas 
650 0 9 |a linguistics competences  |2 eczenas 
650 0 9 |a children's and juvenile literature  |2 eczenas 
655 7 |a metodické příručky  |7 fd132826  |2 czenas 
655 9 |a methodological manuals  |2 eczenas 
910 |a ZLD002 
928 1 |a Portál 
952 |0 0  |1 0  |4 0  |6 373GEBHARTOVÁV  |7 0  |8 BOOK  |9 110906  |a UTBZL  |b UTBZL  |c 005  |d 2011-08-02  |l 0  |o 373/GEBHARTOVÁ,V.  |p 420010139454  |r 2019-08-26 00:00:00  |v 239.00  |w 2019-08-26  |x N:nákup;  |y 01 
952 |0 0  |1 0  |4 0  |6 373GEBHARTOVÁV  |7 0  |8 BOOK  |9 110907  |a UTBZL  |b UTBZL  |c 006  |d 2011-08-02  |l 44  |m 11  |o 373/GEBHARTOVÁ,V.  |p 420010139455  |r 2026-04-14 15:31:58  |s 2026-03-20  |v 239.00  |w 2019-08-26  |x N:nákup;  |y 04 
952 |0 0  |1 0  |4 0  |6 373GEBHARTOVÁV  |7 0  |8 BOOK  |9 110908  |a UTBZL  |b UTBZL  |c 006  |d 2014-01-27  |l 13  |m 13  |o 373/GEBHARTOVÁ,V.  |p 420010151305  |r 2026-01-08 16:01:16  |s 2025-10-07  |v 249.00  |w 2019-08-26  |x N:nákup; Převod FHS, Machů Eva, 11.9.2019  |y 04 
992 |a BK  |b SK  |d 36 
999 |c 60585  |d 60585